Introducción al románico /

Breve estudio sobre el arte románico, estilo desarrollado en torno a la Iglesia católica, que dominó en Europa durante la Baja Edad Media.

Shranjeno v:
Bibliografske podrobnosti
Glavni avtor: Bennassar, Isabel (autor)
Format: Knjiga
Jezik:španščina
Izdano: Barcelona, España : Plaza y Janés, fecha no identificada
Serija:(Enciclopedia Popular Ilustrada ; 4)
Teme:
Oznake: Označite
Brez oznak, prvi označite!

MARC

LEADER 00000nam^a2200000^a^4500
001 000125001
005 20250521000000.0
009 20260310094635.887
037 |a Acervo ITESO - Biblioteca 
041 |a ESP 
082 |a 709. 0216  |b BEN 
100 |a Bennassar, Isabel  |e (autor) 
240 1 1 |a [Introducción al románico] 
245 1 0 |a Introducción al románico /  |c I. Bennassar. 
264 1 |a Barcelona, España :  |b Plaza y Janés,  |c fecha no identificada 
300 |a 78 p. 
336 |a texto  |b txt  |2 rdacontenido 
337 |a sin mediación  |b n  |2 rdamedio 
338 |a volumen  |b nc  |2 rdasoporte 
440 1 |a (Enciclopedia Popular Ilustrada ;  |v 4) 
520 |a Breve estudio sobre el arte románico, estilo desarrollado en torno a la Iglesia católica, que dominó en Europa durante la Baja Edad Media. 
649 |a XX 
650 |a Arte Románico -  |x Historia y Crítica -  |x Tema Principal 
650 |a Arte Medieval -  |z Europa -  |x Historia y Crítica 
650 |a Arte Religioso -  |z Europa -  |x Historia y Crítica 
650 |a Arte Europeo -  |x Historia y Crítica 
910 |a Fondo Salvador Reynoso Reynoso 
920 |a Impresos - Libros 
930 |a Fondos Especiales 
905 |a 112 
901 |a 0800007807  |b IT2  |c ESP  |u 20250521 
902 |a https://opac.biblio.iteso.mx/vufind/Record/000125001